<?xml version="1.0" encoding="UTF-8"?>
<record
    xmlns:xsi="http://www.w3.org/2001/XMLSchema-instance"
    xsi:schemaLocation="http://www.loc.gov/MARC21/slim http://www.loc.gov/standards/marcxml/schema/MARC21slim.xsd"
    xmlns="http://www.loc.gov/MARC21/slim">

  <leader>00735nam a2200181 a 4500</leader>
  <controlfield tag="001">000043836</controlfield>
  <controlfield tag="005">20201002045010.0</controlfield>
  <controlfield tag="008">140506s2005    sp ac         000 0 spa d</controlfield>
  <datafield tag="020" ind1=" " ind2=" ">
    <subfield code="a">8460934187</subfield>
  </datafield>
  <datafield tag="040" ind1=" " ind2=" ">
    <subfield code="a">DO-SdBNP</subfield>
    <subfield code="b">spa</subfield>
    <subfield code="c">BNPHU</subfield>
  </datafield>
  <datafield tag="100" ind1="1" ind2=" ">
    <subfield code="a">Sanchidri&#xE1;n Gallego, Jes&#xFA;s Mar&#xED;a Jos&#xE9;</subfield>
    <subfield code="9">69854</subfield>
  </datafield>
  <datafield tag="245" ind1="1" ind2="0">
    <subfield code="a">&#xC1;vila Dibujada :</subfield>
    <subfield code="b">la ciudad ilustrada en el siglo XIX /Jes&#xFA;s Ma. J. Sanchidri&#xE1;n Gallego ; textos preliminares, &#xC1;ngel Barrios... [et al.].</subfield>
  </datafield>
  <datafield tag="260" ind1=" " ind2=" ">
    <subfield code="a">&#xC1;vila :</subfield>
    <subfield code="b">Ayuntamiento de &#xC1;vila, &#xC1;rea de Urbanismo,</subfield>
    <subfield code="c">2005.</subfield>
  </datafield>
  <datafield tag="300" ind1=" " ind2=" ">
    <subfield code="a">175 p. :</subfield>
    <subfield code="b">il., retrs. ;</subfield>
    <subfield code="c">30 cm.</subfield>
  </datafield>
  <datafield tag="504" ind1=" " ind2=" ">
    <subfield code="a">Bibliograf&#xED;a : p. 159-161</subfield>
  </datafield>
  <datafield tag="504" ind1=" " ind2=" ">
    <subfield code="a">Incluye referencias bibliogr&#xE1;ficas y notas al pie de las p&#xE1;ginas</subfield>
  </datafield>
  <datafield tag="700" ind1="1" ind2="2">
    <subfield code="a">Barrio, &#xC1;ngel</subfield>
    <subfield code="9">71701</subfield>
  </datafield>
  <datafield tag="999" ind1=" " ind2=" ">
    <subfield code="c">43325</subfield>
    <subfield code="d">43325</subfield>
  </datafield>
</record>
